[Event "Elbow Beach Club GM-B"]
[Site "Paget Parish"]
[Date "2001.01.21"]
[Round "3"]
[White "Charbonneau, Pascal"]
[Black "Tyomkin, Dimitri"]
[Result "1/2-1/2"]
[WhiteElo "2410"]
[BlackElo "2496"]
[PlyCount "37"]
[GameId "1165542853619712"]
[EventDate "2001.01.19"]
[EventType "tourn"]
[EventRounds "11"]
[EventCountry "BER"]
[EventCategory "9"]
[SourceTitle "CBM 081"]
[Source "ChessBase"]
[SourceDate "2001.03.20"]
[SourceVersion "1"]
[SourceVersionDate "2001.03.20"]
[SourceQuality "1"]

1. e4 c6 2. d4 d5 3. exd5 cxd5 4. c4 Nf6 5. Nc3 g6 6. Qb3 Bg7 7. cxd5 O-O 8. Be2 Nbd7 9. Bf3 Nb6 10. Nge2 Bf5 11. O-O Qd7 12. Bf4 Bd3 13. d6 exd6 14. a4 Bc4 15. Qb4 Rfd8 16. a5 Bxe2 17. Nxe2 Nbd5 18. Qb3 Nxf4 19. Nxf4 1/2-1/2

[Event "Elbow Beach Club GM-B"]
[Site "Paget Parish"]
[Date "2001.01.23"]
[Round "5"]
[White "Charbonneau, Pascal"]
[Black "Kalod, Radek"]
[Result "1-0"]
[WhiteElo "2410"]
[BlackElo "2490"]
[PlyCount "83"]
[GameId "1166643383656448"]
[EventDate "2001.01.19"]
[EventType "tourn"]
[EventRounds "11"]
[EventCountry "BER"]
[EventCategory "9"]
[SourceTitle "CBM 081"]
[Source "ChessBase"]
[SourceDate "2001.03.20"]
[SourceVersion "1"]
[SourceVersionDate "2001.03.20"]
[SourceQuality "1"]

1. e4 c5 2. c3 d5 3. exd5 Qxd5 4. d4 Nf6 5. Be3 cxd4 6. cxd4 e6 7. Nc3 Qd8 8. Nf3 Be7 9. Bc4 O-O 10. O-O Nbd7 11. Bb3 Nb6 12. Ne5 Nbd5 13. Qf3 Qd6 14. Bg5 Nxc3 15. bxc3 a5 16. Rad1 a4 17. Bc2 Nd5 18. Qh3 f5 19. Bxe7 Qxe7 20. c4 Nb4 21. Bb1 a3 22. Rfe1 Rd8 23. d5 Qf8 24. Qb3 Ra6 25. Bxf5 exf5 26. c5 Rxd5 27. Qxb4 Qd8 28. Rxd5 Qxd5 29. c6 h6 30. Qe7 Kh7 31. Qf8 Qg8 32. Qxg8+ Kxg8 33. Rd1 Kh7 34. Rd8 Ra8 35. c7 b5 36. Nd7 b4 37. Nb6 Ra7 38. Rxc8 Kg6 39. Nd5 b3 40. Re8 b2 41. Re1 Ra8 42. c8=Q 1-0

[Event "Elbow Beach Club GM-B"]
[Site "Paget Parish"]
[Date "2001.01.24"]
[Round "6"]
[White "Vuckovic, Bojan"]
[Black "Charbonneau, Pascal"]
[Result "1-0"]
[WhiteElo "2458"]
[BlackElo "2410"]
[PlyCount "111"]
[GameId "1166643383693312"]
[EventDate "2001.01.19"]
[EventType "tourn"]
[EventRounds "11"]
[EventCountry "BER"]
[EventCategory "9"]
[SourceTitle "CBM 081"]
[Source "ChessBase"]
[SourceDate "2001.03.20"]
[SourceVersion "1"]
[SourceVersionDate "2001.03.20"]
[SourceQuality "1"]

1. e4 c5 2. Nf3 Nc6 3. d4 cxd4 4. Nxd4 e6 5. Nc3 Qc7 6. Be2 a6 7. O-O Nf6 8. Kh1 Nxd4 9. Qxd4 Bc5 10. Qd3 b5 11. f4 Bb7 12. Bf3 h5 13. e5 Ng4 14. Bxb7 Qxb7 15. Ne4 Be7 16. b3 Rc8 17. Bb2 Nh6 18. Qf3 Qb8 19. Rf2 Nf5 20. Rd1 Qa7 21. Rfd2 Rc7 22. Bd4 Qb7 23. c3 h4 24. b4 h3 25. g3 Kf8 26. Kg1 Rc4 27. Kf2 Qc6 28. a3 g6 29. Nc5 a5 30. Qxc6 dxc6 31. Nd7+ Kg7 32. Nb6 Rxd4 33. cxd4 axb4 34. axb4 Bxb4 35. Rc2 Ne7 36. Nd7 Rd8 37. Nc5 Rd5 38. Nb3 g5 39. Kf3 Kh6 40. Kg4 gxf4 41. gxf4 Rd8 42. Kxh3 Nd5 43. Rxc6 Rg8 44. Rf1 Kh5 45. f5 Rg4 46. fxe6 fxe6 47. Rxe6 Nf4+ 48. Rxf4 Rxf4 49. Kg3 Rg4+ 50. Kf3 Rh4 51. Rb6 Rxh2 52. Ke4 Rh3 53. Nc5 Bc3 54. Ne6 Kg4 55. Nf4 Rh7 56. Rg6+ 1-0

[Event "Elbow Beach Club GM-B"]
[Site "Paget Parish"]
[Date "2001.01.25"]
[Round "7"]
[White "Charbonneau, Pascal"]
[Black "Alvarez Marquez, Johan"]
[Result "0-1"]
[WhiteElo "2410"]
[BlackElo "2383"]
[PlyCount "98"]
[GameId "1166643383701504"]
[EventDate "2001.01.19"]
[EventType "tourn"]
[EventRounds "11"]
[EventCountry "BER"]
[EventCategory "9"]
[SourceTitle "CBM 081"]
[Source "ChessBase"]
[SourceDate "2001.03.20"]
[SourceVersion "1"]
[SourceVersionDate "2001.03.20"]
[SourceQuality "1"]

1. e4 c5 2. c3 Nf6 3. e5 Nd5 4. Nf3 Nc6 5. d4 cxd4 6. cxd4 g6 7. Bc4 Nb6 8. Bb3 Bg7 9. Ng5 O-O 10. O-O d5 11. f4 e6 12. Nc3 f6 13. Nf3 Bd7 14. h4 Nc8 15. h5 gxh5 16. Ne2 N8e7 17. Bc2 Be8 18. f5 fxe5 19. Ng5 exf5 20. Ne6 Qb6 21. Nxf8 Bxf8 22. Kh1 e4 23. Bg5 Bg6 24. Bb3 Bg7 25. Rc1 Re8 26. Be3 Na5 27. Rc5 Nxb3 28. axb3 Rc8 29. Nf4 Rxc5 30. dxc5 Qc6 31. Rf2 Bf7 32. Rd2 Qf6 33. Kg1 Qh4 34. Nh3 Qg4 35. Qf1 a6 36. Qf4 Qxf4 37. Nxf4 Be5 38. g3 Kf8 39. Ne2 Nc6 40. Kf2 Ke7 41. Nd4 Nxd4 42. Bxd4 Bc7 43. Be3 Ke6 44. Bf4 Bd8 45. Ke3 Be8 46. Rd1 Bf6 47. Rd2 Bc6 48. b4 Ba4 49. Bc7 h4 0-1

[Event "Elbow Beach Club GM-B"]
[Site "Paget Parish"]
[Date "2001.01.26"]
[Round "8"]
[White "Charbonneau, Pascal"]
[Black "Shahade, Gregory P"]
[Result "0-1"]
[WhiteElo "2410"]
[BlackElo "2456"]
[PlyCount "164"]
[GameId "1166643383713792"]
[EventDate "2001.01.19"]
[EventType "tourn"]
[EventRounds "11"]
[EventCountry "BER"]
[EventCategory "9"]
[SourceTitle "CBM 081"]
[Source "ChessBase"]
[SourceDate "2001.03.20"]
[SourceVersion "1"]
[SourceVersionDate "2001.03.20"]
[SourceQuality "1"]

1. e4 c5 2. c3 Nf6 3. e5 Nd5 4. Nf3 e6 5. d4 cxd4 6. cxd4 d6 7. a3 Bd7 8. Bd3 Bc6 9. O-O Nd7 10. Qe2 Be7 11. Bd2 a6 12. Nc3 Nxc3 13. Bxc3 dxe5 14. Nxe5 Nxe5 15. dxe5 O-O 16. Rfd1 Qc7 17. Bd4 Rac8 18. Rac1 Qb8 19. Rc3 g6 20. f4 Ba4 21. Rdc1 Rxc3 22. Rxc3 Rc8 23. Bc4 b5 24. Bd3 Rxc3 25. Bxc3 Bc5+ 26. Kh1 Ba7 27. Be4 Qb6 28. Qe1 Bb3 29. Ba5 Qd4 30. Bc3 Qb6 31. Ba5 Qc5 32. Bb4 Qd4 33. Bc3 Qc4 34. h4 h5 35. Qb1 Bf2 36. Qd3 Qxd3 37. Bxd3 Bxh4 38. Kh2 Bf2 39. Be2 Kf8 40. g4 hxg4 41. Bxg4 Bd5 42. Be2 Ke7 43. Kh3 Kd7 44. Kg4 Be3 45. Kg5 Be4 46. a4 Bc6 47. axb5 Bxb5 48. Bd1 Bc5 49. Bc2 Ke7 50. Be4 Kf8 51. b4 Be7+ 52. Kg4 Ke8 53. Bd2 Kd7 54. Kg3 Kc7 55. Bc2 Kb7 56. Bd1 Kc6 57. Bf3+ Kb6 58. Be3+ Kc7 59. Bd2 Bd3 60. Bd1 Kc6 61. Ba4+ Kd5 62. Bb3+ Kd4 63. Kf3 Bc4 64. Bc2 Bb5 65. Bb3 Kd3 66. Be1 Bc6+ 67. Kg4 Ke2 68. Bc3 Kf2 69. Kh3 Bb5 70. Bc2 Bf8 71. Kg4 Be7 72. Bd2 Be2+ 73. Kh3 Bf1+ 74. Kg4 Be2+ 75. Kh3 Kf3 76. Ba4 Bf1+ 77. Kh2 Ke2 78. Kg1 Bh3 79. Bc3 Kd3 80. Be1 Kc4 81. Bd1 Bf5 82. Kf2 Bh4+ 0-1

[Event "Elbow Beach Club GM-B"]
[Site "Paget Parish"]
[Date "2001.01.28"]
[Round "9"]
[White "Fierro Baquero, Martha Lorena"]
[Black "Charbonneau, Pascal"]
[Result "1/2-1/2"]
[WhiteElo "2287"]
[BlackElo "2410"]
[PlyCount "120"]
[GameId "1166643383730176"]
[EventDate "2001.01.19"]
[EventType "tourn"]
[EventRounds "11"]
[EventCountry "BER"]
[EventCategory "9"]
[SourceTitle "CBM 081"]
[Source "ChessBase"]
[SourceDate "2001.03.20"]
[SourceVersion "1"]
[SourceVersionDate "2001.03.20"]
[SourceQuality "1"]

1. e4 c5 2. Nf3 e6 3. c4 Nc6 4. Nc3 Nge7 5. d4 cxd4 6. Nxd4 Nxd4 7. Qxd4 Nc6 8. Qd3 Bc5 9. Be2 O-O 10. O-O e5 11. Qg3 d6 12. Bg5 f6 13. Bh6 Qd7 14. h3 Kh8 15. Be3 Nd4 16. Bg4 Qf7 17. Bxc8 Raxc8 18. Bxd4 Bxd4 19. Nb5 Bc5 20. b3 a6 21. Nc3 Bd4 22. Rac1 f5 23. Qf3 f4 24. Rfd1 g5 25. Rd3 b5 26. Nd5 h5 27. Qd1 bxc4 28. bxc4 Rg8 29. Rxd4 exd4 30. Qxd4+ Qg7 31. Rd1 Qxd4 32. Rxd4 Rge8 33. h4 gxh4 34. Nxf4 Rc6 35. Ng6+ Kh7 36. Nxh4 Rb8 37. Nf5 Rb2 38. Nxd6 Rxa2 39. e5 Re2 40. f4 a5 41. Kf1 Rc2 42. f5 Rb6 43. Nb5 Rb7 44. f6 Kg6 45. Rf4 Rd7 46. Nd6 a4 47. f7 Rxf7 48. Rxf7 a3 49. e6 Rd2 50. Ra7 Rxd6 51. e7 Kf7 52. Rxa3 Kxe7 53. Ra5 Rc6 54. Rxh5 Rxc4 55. Rf5 Ke6 56. Rf3 Ke5 57. Kg1 Rf4 58. Ra3 Kf5 59. g3 Rb4 60. Kg2 Rg4 1/2-1/2

[Event "Elbow Beach Club GM-B"]
[Site "Paget Parish"]
[Date "2001.01.29"]
[Round "10"]
[White "Charbonneau, Pascal"]
[Black "Teplitsky, Yan"]
[Result "1/2-1/2"]
[WhiteElo "2410"]
[BlackElo "2446"]
[PlyCount "106"]
[GameId "1166643383738368"]
[EventDate "2001.01.19"]
[EventType "tourn"]
[EventRounds "11"]
[EventCountry "BER"]
[EventCategory "9"]
[SourceTitle "CBM 081"]
[Source "ChessBase"]
[SourceDate "2001.03.20"]
[SourceVersion "1"]
[SourceVersionDate "2001.03.20"]
[SourceQuality "1"]

1. e4 c5 2. c3 d5 3. exd5 Qxd5 4. d4 Nf6 5. Be3 cxd4 6. cxd4 Bg4 7. Ne2 e6 8. h3 Bxe2 9. Bxe2 Nc6 10. O-O Be7 11. Nc3 Qd7 12. Bf3 Nb4 13. Qb3 O-O 14. Rac1 h6 15. Na4 Nbd5 16. Nc5 Bxc5 17. dxc5 Nxe3 18. fxe3 Rab8 19. Rfd1 Qc7 20. Qc4 Rfd8 21. b4 Qe5 22. Qb3 Ne4 23. Qc2 Ng5 24. Bxb7 Qxe3+ 25. Kh1 Qg3 26. c6 Qc7 27. Rd2 Rxd2 28. Qxd2 Ne4 29. Qe1 Ng3+ 30. Kg1 Rxb7 31. cxb7 Ne2+ 32. Qxe2 Qxc1+ 33. Qf1 Qc7 34. Qb5 Qc1+ 35. Kf2 Qd2+ 36. Kf3 Qc3+ 37. Ke2 Qc2+ 38. Ke3 Qc3+ 39. Qd3 Qc7 40. Qe4 Kf8 41. Qd4 Ke8 42. Qxa7 Qg3+ 43. Kd2 Qxg2+ 44. Kc1 Qf1+ 45. Kb2 Qe2+ 46. Ka3 Qd3+ 47. Ka4 Qc2+ 48. Kb5 Qd3+ 49. Kc6 Qd5+ 50. Kb6 Qd4+ 51. Ka6 Qd3+ 52. b5 Qa3+ 53. Kb6 Qd6+ 1/2-1/2

[Event "Elbow Beach Club GM-B"]
[Site "Paget Parish"]
[Date "2001.01.30"]
[Round "11"]
[White "Blehm, Pawel"]
[Black "Charbonneau, Pascal"]
[Result "1-0"]
[WhiteElo "2512"]
[BlackElo "2410"]
[PlyCount "69"]
[GameId "1166643383746560"]
[EventDate "2001.01.19"]
[EventType "tourn"]
[EventRounds "11"]
[EventCountry "BER"]
[EventCategory "9"]
[SourceTitle "CBM 081"]
[Source "ChessBase"]
[SourceDate "2001.03.20"]
[SourceVersion "1"]
[SourceVersionDate "2001.03.20"]
[SourceQuality "1"]

1. e4 c5 2. Nf3 Nc6 3. d4 cxd4 4. Nxd4 Qc7 5. Nc3 e6 6. Be2 a6 7. Be3 Nf6 8. a3 Be7 9. f4 d6 10. Qd2 O-O 11. O-O-O Bd7 12. g4 Nxd4 13. Qxd4 Bc6 14. g5 Nd7 15. Qd2 b5 16. Rhf1 Rfe8 17. f5 Bf8 18. f6 Rac8 19. h4 Nc5 20. Kb1 Nxe4 21. Nxe4 Bxe4 22. Bd3 Bxd3 23. cxd3 g6 24. h5 Kh8 25. Qf2 Qd7 26. hxg6 fxg6 27. f7 Re7 28. Rc1 Rb8 29. Bb6 Qb7 30. Qf4 e5 31. Qf6+ Bg7 32. Qxd6 Rf8 33. Rc7 Rxc7 34. Bxc7 Qc8 35. Qe7 1-0

[Event "New York Smartchess.com"]
[Site "New York"]
[Date "2001.06.05"]
[Round "2"]
[White "Charbonneau, Pascal"]
[Black "Novikov, Igor A"]
[Result "0-1"]
[WhiteElo "2407"]
[BlackElo "2596"]
[PlyCount "76"]
[GameId "1165542863515648"]
[EventDate "2001.06.04"]
[EventType "tourn"]
[EventRounds "9"]
[EventCountry "USA"]
[EventCategory "9"]
[SourceTitle "CBM 084"]
[Source "ChessBase"]
[SourceDate "2001.09.13"]
[SourceVersion "1"]
[SourceVersionDate "2001.09.13"]
[SourceQuality "1"]

1. e4 c5 2. Nc3 d6 3. f4 g6 4. Nf3 Bg7 5. Bc4 Nc6 6. O-O e6 7. d3 Nge7 8. Qe1 h6 9. Bb3 a6 10. a4 Rb8 11. Be3 O-O 12. f5 gxf5 13. Nh4 Nd4 14. Bxd4 Bxd4+ 15. Kh1 Kh7 16. exf5 Nxf5 17. Nxf5 exf5 18. Qe2 Bd7 19. Rae1 Qg5 20. Qf3 b5 21. axb5 axb5 22. Nd1 Be5 23. c3 Qh4 24. g3 Bxg3 25. Re2 Be5 26. Ne3 f4 27. d4 Bg7 28. Bc2+ Kh8 29. Ng2 Qh3 30. Qe4 f5 31. Qxf4 Rbe8 32. Ref2 cxd4 33. cxd4 Bc6 34. Bxf5 Qe3 35. Kg1 Qxf4 36. Rxf4 Rxf5 37. Rxf5 Bxd4+ 38. Kh1 Re2 0-1

[Event "New York Smartchess.com"]
[Site "New York"]
[Date "2001.06.11"]
[Round "7"]
[White "Shahade, Gregory P"]
[Black "Charbonneau, Pascal"]
[Result "1/2-1/2"]
[WhiteElo "2458"]
[BlackElo "2407"]
[PlyCount "72"]
[GameId "1166643600535552"]
[EventDate "2001.06.04"]
[EventType "tourn"]
[EventRounds "9"]
[EventCountry "USA"]
[EventCategory "9"]
[SourceTitle "CBM 084"]
[Source "ChessBase"]
[SourceDate "2001.09.13"]
[SourceVersion "1"]
[SourceVersionDate "2001.09.13"]
[SourceQuality "1"]

1. e4 c5 2. Nf3 Nc6 3. d4 cxd4 4. Nxd4 Qc7 5. Nc3 e6 6. Be2 a6 7. O-O Nf6 8. Kh1 Nxd4 9. Qxd4 Bc5 10. Qd3 b5 11. f4 Bb7 12. Bf3 h5 13. e5 Ng4 14. Bxb7 Qxb7 15. Ne4 Be7 16. b3 Rc8 17. Bb2 Nh6 18. Qf3 Qb6 19. Rf2 Nf5 20. Rd2 Qe3 21. Qxe3 Nxe3 22. Rc1 Rc6 23. g3 h4 24. Kg1 hxg3 25. hxg3 Ng4 26. Rcd1 f5 27. exf6 gxf6 28. Rxd7 Rh3 29. Rb7 f5 30. Rdd7 fxe4 31. Rxe7+ Kd8 32. Rbd7+ Kc8 33. Ra7 Kb8 34. Reb7+ Kc8 35. Re7 Kb8 36. Reb7+ Kc8 1/2-1/2

[Event "New York Smartchess.com"]
[Site "New York"]
[Date "2001.06.12"]
[Round "8"]
[White "Charbonneau, Pascal"]
[Black "Bonin, Jay R"]
[Result "0-1"]
[WhiteElo "2407"]
[BlackElo "2381"]
[PlyCount "98"]
[GameId "1166643600547840"]
[EventDate "2001.06.04"]
[EventType "tourn"]
[EventRounds "9"]
[EventCountry "USA"]
[EventCategory "9"]
[SourceTitle "CBM 084"]
[Source "ChessBase"]
[SourceDate "2001.09.13"]
[SourceVersion "1"]
[SourceVersionDate "2001.09.13"]
[SourceQuality "1"]

1. e4 c5 2. Nc3 a6 3. Nf3 e6 4. d4 cxd4 5. Nxd4 Qc7 6. Bd3 Nc6 7. Be3 Nf6 8. O-O b5 9. Nxc6 Qxc6 10. Bd4 Be7 11. e5 Bb7 12. f3 Bc5 13. Be4 Qb6 14. Bxb7 Bxd4+ 15. Kh1 Ra7 16. exf6 Rxb7 17. fxg7 Bxg7 18. f4 Qc6 19. Qg4 O-O 20. f5 Kh8 21. f6 Bh6 22. Qh5 Rg8 23. Rf3 Rg6 24. Rg3 Bf8 25. Rxg6 fxg6 26. Qe5 Qc7 27. Qe2 b4 28. Ne4 Qe5 29. Rf1 d5 30. Qxa6 Rf7 31. Ng3 Rxf6 32. a4 Qxb2 33. a5 Rxf1+ 34. Qxf1 Bc5 35. a6 Kg7 36. Qd1 Qd4 37. Qxd4+ Bxd4 38. Ne2 Bb6 39. Nf4 Kf6 40. Nd3 Ke7 41. Nxb4 Kd6 42. Nd3 e5 43. Nb2 e4 44. g3 Kc5 45. Na4+ Kb5 46. Nc3+ Kc4 47. Nd1 e3 48. Nb2+ Kc3 49. Na4+ Kd2 0-1

[Event "Wch U18"]
[Site "Oropesa del Mar"]
[Date "2001.10.23"]
[Round "3"]
[White "Khismatullin, Denis Rimovich"]
[Black "Charbonneau, Pascal"]
[Result "1-0"]
[WhiteElo "2448"]
[BlackElo "2400"]
[PlyCount "39"]
[GameId "1166643967152128"]
[EventDate "2001.10.21"]
[EventType "swiss"]
[EventRounds "11"]
[EventCountry "ESP"]
[SourceTitle "EXT 2002"]
[Source "ChessBase"]
[SourceDate "2001.11.25"]
[SourceVersion "1"]
[SourceVersionDate "2001.11.25"]
[SourceQuality "1"]

1. g3 e5 2. Bg2 Nc6 3. c4 f5 4. Nc3 Nf6 5. e3 d5 6. cxd5 Nb4 7. d3 c6 8. e4 cxd5 9. a3 dxe4 10. axb4 exd3 11. Nh3 e4 12. O-O Bd7 13. Re1 Bxb4 14. Qxd3 Qe7 15. Qe2 O-O 16. Nf4 Bc6 17. Be3 a5 18. Red1 Qf7 19. h4 Ng4 20. Bxe4 1-0

[Event "Wch U18"]
[Site "Oropesa del Mar"]
[Date "2001.10.24"]
[Round "4"]
[White "Charbonneau, Pascal"]
[Black "Tomic, Bosko"]
[Result "0-1"]
[WhiteElo "2400"]
[BlackElo "2170"]
[PlyCount "68"]
[GameId "1166643967193088"]
[EventDate "2001.10.21"]
[EventType "swiss"]
[EventRounds "11"]
[EventCountry "ESP"]
[SourceTitle "EXT 2002"]
[Source "ChessBase"]
[SourceDate "2001.11.25"]
[SourceVersion "1"]
[SourceVersionDate "2001.11.25"]
[SourceQuality "1"]

1. e4 c5 2. Nc3 Nc6 3. Nf3 g6 4. d4 cxd4 5. Nxd4 Bg7 6. Be3 Nf6 7. Bc4 O-O 8. Bb3 Ng4 9. Qxg4 Nxd4 10. Qd1 Nc6 11. h4 Qa5 12. Bd2 h5 13. g4 hxg4 14. h5 Ne5 15. Nd5 Qd8 16. h6 Bf6 17. Nxf6+ exf6 18. Bb4 Re8 19. Bd6 Kh7 20. Qd5 Nf3+ 21. Kf1 Re6 22. Rd1 Qe8 23. Qd3 b6 24. Bxe6 Qxe6 25. Bf4 g5 26. Bg3 Bb7 27. Qxd7 Qc4+ 28. Qd3 Qxe4 29. Qxe4+ Bxe4 30. Rd6 f5 31. Rf6 Nd2+ 32. Kg1 Bxh1 33. Kxh1 f4 34. Bh2 Re8 0-1

[Event "Wch U18"]
[Site "Oropesa del Mar"]
[Date "2001.11.01"]
[Round "10"]
[White "Charbonneau, Pascal"]
[Black "Tan, Desmond"]
[Result "1-0"]
[WhiteElo "2405"]
[BlackElo "2253"]
[PlyCount "91"]
[GameId "1166643967578112"]
[EventDate "2001.10.21"]
[EventType "swiss"]
[EventRounds "11"]
[EventCountry "ESP"]
[SourceTitle "EXT 2002"]
[Source "ChessBase"]
[SourceDate "2001.11.25"]
[SourceVersion "1"]
[SourceVersionDate "2001.11.25"]
[SourceQuality "1"]

1. Nf3 c5 2. c4 Nc6 3. Nc3 g6 4. e3 Nf6 5. d4 cxd4 6. exd4 d5 7. cxd5 Nxd5 8. Bc4 Nxc3 9. Qb3 e6 10. bxc3 Bd7 11. Bd3 Qb6 12. O-O Qxb3 13. axb3 Bg7 14. Ba3 a6 15. Rfe1 O-O-O 16. Bd6 Be8 17. Bg3 h6 18. Nd2 e5 19. Nc4 f6 20. Be4 b5 21. Rxa6 bxc4 22. Bxc6 cxb3 23. Bf3 Bf7 24. dxe5 fxe5 25. Rea1 h5 26. h4 Rd2 27. Rc6+ Kd8 28. Be4 Ke7 29. Rc7+ Rd7 30. Rxd7+ Kxd7 31. Ra7+ Ke6 32. Rb7 Kf6 33. Rb6+ Ke7 34. Rb7+ Kf6 35. f4 exf4 36. Bf2 Ke6 37. c4 b2 38. Bd5+ Kd6 39. Bxf7 Ra8 40. Bxg6 Ra1+ 41. Kh2 Be5 42. Rb6+ Kc7 43. Re6 Bd6 44. c5 Bf8 45. Rf6 Be7 46. Rb6 1-0

[Event "Wch U18"]
[Site "Oropesa del Mar"]
[Date "2001.11.02"]
[Round "11"]
[White "Jobava, Baadur"]
[Black "Charbonneau, Pascal"]
[Result "1-0"]
[WhiteElo "2556"]
[BlackElo "2405"]
[PlyCount "53"]
[GameId "1166643967639552"]
[EventDate "2001.10.21"]
[EventType "swiss"]
[EventRounds "11"]
[EventCountry "ESP"]
[SourceTitle "EXT 2002"]
[Source "ChessBase"]
[SourceDate "2001.11.25"]
[SourceVersion "1"]
[SourceVersionDate "2001.11.25"]
[SourceQuality "1"]

1. d4 Nf6 2. c4 e6 3. Nf3 Nc6 4. g3 Bb4+ 5. Bd2 Be7 6. Bg2 d6 7. O-O O-O 8. Bf4 Nd7 9. Nc3 e5 10. Be3 exd4 11. Nxd4 Nde5 12. b3 Re8 13. h3 Bd7 14. Nd5 Bf8 15. Nb5 Rc8 16. Qd2 b6 17. Rad1 Ng6 18. Kh2 f6 19. Qc2 Nge5 20. Bc1 a6 21. Nbc3 g6 22. f4 Nf7 23. Ne4 Bg7 24. Bb2 Bf5 25. Nexf6+ Bxf6 26. Nxf6+ Qxf6 27. e4 1-0

[Event "WCN k.o."]
[Site "Internet USCF"]
[Date "2001.??.??"]
[Round "?"]
[White "Charbonneau, Pascal"]
[Black "Diesen, Mark C"]
[Result "0-1"]
[WhiteElo "2405"]
[BlackElo "2410"]
[PlyCount "44"]
[GameId "1166644031676416"]
[EventDate "2001.12.??"]
[EventType "k.o."]
[EventRounds "5"]
[EventCountry "USA"]
[SourceTitle "EXT 2003"]
[Source "ChessBase"]
[SourceDate "2002.11.25"]
[SourceVersion "1"]
[SourceVersionDate "2002.11.25"]
[SourceQuality "1"]

1. e4 c5 2. Nc3 Nc6 3. Bb5 Nd4 4. Bc4 e6 5. Nf3 Ne7 6. Nxd4 cxd4 7. Ne2 Nc6 8. O-O Bc5 9. d3 O-O 10. a3 a6 11. Ba2 b5 12. Ng3 Qh4 13. f4 Bb7 14. Bd2 Ne7 15. Be1 Qh6 16. f5 Bd6 17. Qg4 exf5 18. exf5 Be5 19. Bb3 Nd5 20. Qe4 Rae8 21. Qf3 Nf4 22. Qxb7 Ne2+ 0-1

[Event "WCN k.o."]
[Site "Internet USCF"]
[Date "2001.??.??"]
[Round "?"]
[White "Charbonneau, Pascal"]
[Black "Marin, Mihail"]
[Result "1-0"]
[WhiteElo "2405"]
[BlackElo "2565"]
[PlyCount "71"]
[GameId "1166644031684608"]
[EventDate "2001.12.??"]
[EventType "k.o."]
[EventRounds "5"]
[EventCountry "USA"]
[SourceTitle "EXT 2003"]
[Source "ChessBase"]
[SourceDate "2002.11.25"]
[SourceVersion "1"]
[SourceVersionDate "2002.11.25"]
[SourceQuality "1"]

1. e4 d6 2. d4 Nf6 3. Nc3 g6 4. Bg5 Bg7 5. f4 O-O 6. Qd2 c6 7. Nf3 d5 8. Bxf6 exf6 9. exd5 cxd5 10. Be2 Be6 11. O-O Nd7 12. Nd1 f5 13. Ne3 Nf6 14. Bd3 Ne4 15. Bxe4 fxe4 16. Ne1 f5 17. c3 g5 18. g3 gxf4 19. Rxf4 Bh6 20. N1g2 Bxf4 21. Nxf4 Qd7 22. Qe2 Kh8 23. Rf1 Rf6 24. c4 dxc4 25. d5 Bf7 26. Qxc4 Qd6 27. Qc3 Kg8 28. Ne6 Rxe6 29. dxe6 Bxe6 30. Nxf5 Bxf5 31. Rxf5 Qd1+ 32. Kg2 Qe2+ 33. Kh3 h6 34. Qf6 Kh7 35. Qf7+ Kh8 36. Qg6 1-0

[Event "WCN k.o."]
[Site "Internet USCF"]
[Date "2001.??.??"]
[Round "?"]
[White "Charbonneau, Pascal"]
[Black "Marin, Mihail"]
[Result "1/2-1/2"]
[WhiteElo "2405"]
[BlackElo "2565"]
[PlyCount "62"]
[GameId "1166644031680512"]
[EventDate "2001.12.??"]
[EventType "k.o."]
[EventRounds "5"]
[EventCountry "USA"]
[SourceTitle "EXT 2003"]
[Source "ChessBase"]
[SourceDate "2002.11.25"]
[SourceVersion "1"]
[SourceVersionDate "2002.11.25"]
[SourceQuality "1"]

1. e4 d6 2. d4 Nf6 3. Nc3 g6 4. Be3 c6 5. Qd2 Nbd7 6. Nf3 e5 7. a4 Bg7 8. Bc4 O-O 9. dxe5 dxe5 10. h3 Qe7 11. O-O Nc5 12. Bxc5 Qxc5 13. Bb3 a5 14. Rad1 Nh5 15. Qd6 Qxd6 16. Rxd6 Nf4 17. Nd2 Re8 18. Nc4 Bf8 19. Rd2 Be6 20. Rfd1 Bb4 21. Nd6 Re7 22. Nc4 Kg7 23. Kf1 b5 24. axb5 cxb5 25. Nb6 Rb8 26. Nbd5 Bxd5 27. Nxd5 Nxd5 28. Rxd5 a4 29. Ba2 a3 30. bxa3 Bxa3 31. R1d3 b4 1/2-1/2

[Event "WCN k.o."]
[Site "Internet USCF"]
[Date "2001.??.??"]
[Round "?"]
[White "Charbonneau, Pascal"]
[Black "Mikhalevski, Victor"]
[Result "1-0"]
[WhiteElo "2405"]
[BlackElo "2501"]
[PlyCount "57"]
[GameId "1166644031688704"]
[EventDate "2001.12.??"]
[EventType "k.o."]
[EventRounds "5"]
[EventCountry "USA"]
[SourceTitle "EXT 2003"]
[Source "ChessBase"]
[SourceDate "2002.11.25"]
[SourceVersion "1"]
[SourceVersionDate "2002.11.25"]
[SourceQuality "1"]

1. e4 c5 2. Nf3 Nc6 3. d4 cxd4 4. Nxd4 Nf6 5. Nc3 e5 6. Ndb5 d6 7. Bg5 a6 8. Na3 b5 9. Bxf6 gxf6 10. Nd5 f5 11. Bd3 Be6 12. Qh5 Rg8 13. g3 h6 14. c3 fxe4 15. Bxe4 Bg4 16. Qh4 Be7 17. Qxh6 Kd7 18. h4 f5 19. Bg2 e4 20. Qe3 Ne5 21. Nb6+ Ke6 22. Nxa8 Qxa8 23. Nc2 Kf6 24. Nd4 d5 25. O-O Qb8 26. Rae1 Nd3 27. Nc6 Qc7 28. Qd4+ Ne5 29. Qxd5 1-0

[Event "WCN k.o."]
[Site "Internet USCF"]
[Date "2001.??.??"]
[Round "?"]
[White "Christiansen, Larry Mark"]
[Black "Charbonneau, Pascal"]
[Result "0-1"]
[WhiteElo "2570"]
[BlackElo "2405"]
[PlyCount "92"]
[GameId "1166644031692800"]
[EventDate "2001.12.??"]
[EventType "k.o."]
[EventRounds "5"]
[EventCountry "USA"]
[SourceTitle "EXT 2003"]
[Source "ChessBase"]
[SourceDate "2002.11.25"]
[SourceVersion "1"]
[SourceVersionDate "2002.11.25"]
[SourceQuality "1"]

1. e4 c5 2. Nf3 Nc6 3. d4 cxd4 4. Nxd4 Qc7 5. Nc3 e6 6. Be2 a6 7. O-O Nf6 8. Kh1 Nxd4 9. Qxd4 Bc5 10. Qd3 b5 11. a3 Bb7 12. Bg5 h5 13. Bxf6 gxf6 14. Rad1 O-O-O 15. Bf3 h4 16. Rd2 Qe5 17. Bg4 Kb8 18. f4 Qc7 19. b4 Bb6 20. a4 Rc8 21. a5 Ba7 22. Nd1 d5 23. exd5 Bxd5 24. Bf3 Rhd8 25. Qe2 Bxf3 26. Rxf3 Rxd2 27. Qxd2 Qxc2 28. Qd6+ Kb7 29. f5 Qe2 30. Qd3 Qxd3 31. Rxd3 Rc1 32. g4 h3 33. g5 fxg5 34. fxe6 fxe6 35. Rd7+ Rc7 36. Rd6 Rf7 37. Ne3 Rf3 38. Rxe6 Bxe3 39. Re7+ Kc6 40. Re6+ Kd5 41. Rd6+ Kc4 42. Rd4+ Kc3 43. Rd3+ Kc2 44. Rc3+ Kd2 45. Rc2+ Kd3 46. Rc3+ Ke4 0-1